Geography Quiz

Random Geography or City Quiz

Federal subjects of Russia Quiz Stats

 Plays Quiz not verified by Sporcle

Challenge
Share
Tweet
Score 0/83 Timer 16:00
0 Plays Today
Federal subject Name % Correct
Oblasts (cont.)Moscow Oblast
95.5%
Federal citiesMoscow
95.5%
Federal citiesSaint Petersburg
93.1%
RepublicsChechen Republic
83.8%
Autonomous oblastsJewish Autonomous Oblast
82.9%
Republics (cont.)Sakha Republic
82%
RepublicsRepublic of Dagestan
79%
KraisKamchatka Krai
77.2%
Oblasts Kaliningrad Oblast
76.4%
Oblasts (cont.)Sakhalin Oblast
74.3%
Oblasts (cont.)Murmansk Oblast
73.6%
Oblasts (cont.)Omsk Oblast
72.5%
Oblasts (cont.) Volgograd Oblast
71.5%
Republics (cont.)Republic of Karelia
70.9%
Republics (cont.)Republic of North Ossetia-Alania
70%
Oblasts Irkutsk Oblast
70%
KraisPerm Krai
69.9%
Republics (cont.)Republic of Tatarstan
69.7%
RepublicsAltai Republic
69.4%
KraisAltai Krai
69.3%
Oblasts Leningrad Oblast
69.2%
KraisKrasnoyarsk Krai
67.6%
Oblasts (cont.)Novgorod Oblast
67.5%
KraisKrasnodar Krai
67.5%
Oblasts (cont.)Novosibirsk Oblast
66.9%
Oblasts (cont.)Rostov Oblast
66%
Oblasts Arkhangelsk Oblast
65.6%
Oblasts (cont.) Tomsk Oblast
64.6%
Federal subject Name % Correct
Republics (cont.)Tyva Republic
64.5%
Autonomous okrugsNenets Autonomous Okrug
64.2%
Oblasts (cont.)Nizhny Novgorod Oblast
64.2%
Oblasts (cont.) Samara Oblast
63.9%
RepublicsRepublic of Ingushetia
62.5%
Autonomous okrugsChukotka Autonomous Okrug
62.4%
Oblasts Amur Oblast
60.9%
Oblasts (cont.) Vladimir Oblast
60.9%
Oblasts (cont.)Magadan Oblast
60.7%
Oblasts (cont.) Smolensk Oblast
59.8%
Oblasts Astrakhan Oblast
59.7%
Republics (cont.)Komi Republic
59%
KraisPrimorsky Krai
58.6%
Republics (cont.)Mari El Republic
57.9%
Oblasts Chelyabinsk Oblast
57.8%
Autonomous okrugsYamalo-Nenets Autonomous Okrug
57.8%
RepublicsBuryat Republic
57.4%
KraisKhabarovsk Krai
56.5%
Oblasts (cont.) Tula Oblast
56.4%
RepublicsRepublic of Adygea
56.1%
Oblasts (cont.)Pskov Oblast
56%
RepublicsRepublic of Bashkortostan
55.5%
Oblasts (cont.) Tver Oblast
55.2%
Oblasts (cont.) Saratov Oblast
55%
Oblasts Kursk Oblast
54.9%
RepublicsChuvash Republic
54.4%
Oblasts (cont.) Yaroslavl Oblast
54.2%
KraisStavropol Krai
53.5%
Federal subject Name % Correct
Oblasts (cont.)Orenburg Oblast
53.3%
Republics (cont.)Republic of Mordovia
53%
Republics (cont.)Udmurt Republic
53%
Autonomous okrugsKhanty-Mansi Autonomous Okrug
52.4%
RepublicsRepublic of Kalmykia
52.3%
Oblasts (cont.) Voronezh Oblast
51.7%
Oblasts Bryansk Oblast
51.7%
Oblasts (cont.) Tyumen Oblast
51.1%
Oblasts (cont.)Ryazan Oblast
50.9%
Oblasts Belgorod Oblast
50.3%
Oblasts Kirov Oblast
49.9%
Oblasts (cont.) Vologda Oblast
49.7%
Republics (cont.)Republic of Khakassia
49.6%
Oblasts Ivanovo Oblast
48.8%
Oblasts (cont.) Sverdlovsk Oblast
48.6%
KraisZabaykalsky Krai
48.5%
RepublicsKabardino-Balkar Republic
48.1%
Oblasts (cont.)Lipetsk Oblast
46.7%
Oblasts (cont.) Ulyanovsk Oblast
46.4%
Oblasts Kemerovo Oblast
46.2%
Oblasts Kurgan Oblast
45.9%
Oblasts (cont.)Oryol Oblast
45%
Oblasts (cont.)Penza Oblast
44.9%
RepublicsKarachay-Cherkess Republic
44.8%
Oblasts Kaluga Oblast
44.4%
Oblasts (cont.) Tambov Oblast
43.7%
Oblasts Kostroma Oblast
41.7%

You're not logged in!

Compare scores with friends on all Sporcle quizzes.
Join for Free
OR
Log In

You Might Also Like...

Show Comments

Extras

Top Quizzes Today


Score Distribution

Your Account Isn't Verified!

In order to create a playlist on Sporcle, you need to verify the email address you used during registration. Go to your Sporcle Settings to finish the process.

Report this User

Report this user for behavior that violates our Community Guidelines.

Details: